[Event "GBR-ch108 Senior 50+"]
[Site "Torquay"]
[Date "2022.08.08"]
[Round "1.1"]
[White "Motwani, Paul"]
[Black "Handley, Michael R"]
[Result "1-0"]
[WhiteElo "2420"]
[BlackElo "1975"]
[PlyCount "75"]
[EventDate "2022.08.08"]
[EventType "swiss"]
[EventRounds "7"]
[EventCountry "GBR"]

1. d4 Nf6 2. Nf3 g6 3. Nc3 d5 4. Bf4 a6 5. e3 Bg7 6. Be2 c5 7. Ne5 Nc6 8. O-O
cxd4 9. exd4 Qb6 10. Nxc6 Qxc6 11. Re1 O-O 12. Bf3 Re8 13. Be5 Be6 14. h3 Rac8
15. a4 b6 16. Be2 Qb7 17. Bd3 Bd7 18. Qd2 Bc6 19. f3 Nd7 20. Bxg7 Kxg7 21. h4
Nf6 22. Re5 Ra8 23. h5 b5 24. a5 Nd7 25. Re3 Qa7 26. Ne2 e5 27. c3 f6 28. Re1
Nf8 29. Kf1 Qc7 30. Bc2 Rad8 31. h6+ Kh8 32. dxe5 fxe5 33. Bb3 Qf7 34. Kg1 Qf6
35. Rd3 Qh4 36. Rd1 Ne6 37. Qe3 Nc7 38. Qb6 1-0

[Event "GBR-ch108 Senior 50+"]
[Site "Torquay"]
[Date "2022.08.08"]
[Round "1.2"]
[White "Bolt, Graham"]
[Black "Josse, Mark"]
[Result "1-0"]
[WhiteElo "1951"]
[BlackElo "2220"]
[PlyCount "91"]
[EventDate "2022.08.08"]
[EventType "swiss"]
[EventRounds "7"]
[EventCountry "GBR"]

1. Nf3 d5 2. g3 Nf6 3. Bg2 e6 4. O-O Be7 5. c4 O-O 6. Qc2 c5 7. d3 Nc6 8. Bd2
d4 9. a3 Re8 10. Re1 e5 11. b4 cxb4 12. axb4 Bxb4 13. Bxb4 Nxb4 14. Qb3 a5 15.
Na3 Nd7 16. Nc2 Nc5 17. Qb1 Nxc2 18. Qxc2 Bd7 19. Nd2 Qc7 20. Reb1 Ra7 21. Ra3
Re6 22. e3 a4 23. Qb2 dxe3 24. fxe3 Raa6 25. Qc3 Rab6 26. Rxb6 Rxb6 27. d4 exd4
28. exd4 Na6 29. c5 Rf6 30. Ne4 Rg6 31. Qd2 b5 32. Re3 b4 33. Nd6 b3 34. Qe2
Re6 35. Rxe6 fxe6 36. Qxa6 Qb8 37. Be4 b2 38. Bb1 g6 39. Qb6 Qa8 40. Qxb2 Qf3
41. Qf2 Qd1+ 42. Kg2 Bc6+ 43. Be4 Bxe4+ 44. Nxe4 a3 45. Ng5 Kg7 46. Nxe6+ 1-0

[Event "GBR-ch108 Senior 50+"]
[Site "Torquay"]
[Date "2022.08.08"]
[Round "1.3"]
[White "Duncan, Chris R"]
[Black "Reuben, Stewart"]
[Result "1-0"]
[WhiteElo "2178"]
[BlackElo "1946"]
[PlyCount "81"]
[EventDate "2022.08.08"]
[EventType "swiss"]
[EventRounds "7"]
[EventCountry "GBR"]

1. Nf3 g6 2. c4 c5 3. d4 cxd4 4. Nxd4 Bg7 5. e4 Qb6 6. Nb3 d6 7. Be3 Qc7 8. Nc3
Bxc3+ 9. bxc3 Nf6 10. f3 Be6 11. c5 Bxb3 12. axb3 dxc5 13. Bh6 Nc6 14. Be2 Rd8
15. Qc1 a6 16. O-O Ne5 17. Qe3 c4 18. Rab1 b5 19. b4 Nd3 20. Rfd1 Ne5 21. Rxd8+
Qxd8 22. Qa7 Ned7 23. Ra1 Nb8 24. Rd1 Nfd7 25. Bg7 Rg8 26. Bd4 Qc8 27. Bf2 f6
28. f4 Kf7 29. Qd4 Qc6 30. e5 fxe5 31. fxe5 Qe6 32. Bg4 Qxe5 33. Bxd7 Qxd4 34.
Rxd4 e5 35. Rd1 Ke7 36. Bc5+ Kf6 37. Rf1+ Kg7 38. Be6 Re8 39. Rf7+ Kh6 40. Be3+
Kh5 41. Rxh7# 1-0

[Event "GBR-ch108 Senior 50+"]
[Site "Torquay"]
[Date "2022.08.08"]
[Round "1.4"]
[White "Littlejohns, David P"]
[Black "Townsend, M Paul"]
[Result "0-1"]
[WhiteElo "1943"]
[BlackElo "2177"]
[PlyCount "144"]
[EventDate "2022.08.08"]
[EventType "swiss"]
[EventRounds "7"]
[EventCountry "GBR"]

1. e4 g6 2. d4 Bg7 3. Nc3 d6 4. Nf3 Nf6 5. Be2 O-O 6. O-O Nbd7 7. a4 e5 8. dxe5
dxe5 9. Bg5 h6 10. Bxf6 Qxf6 11. Nd5 Qd8 12. Qd2 c6 13. Nc3 a5 14. h3 Qe7 15.
Rfd1 Re8 16. Qd6 Qxd6 17. Rxd6 Bf8 18. Rdd1 Nf6 19. Bc4 Bb4 20. Bd3 Nd7 21. Ne2
Nc5 22. c3 Nxd3 23. Rxd3 Bc5 24. Rad1 Be6 25. Nc1 f6 26. b3 b5 27. R3d2 bxa4
28. bxa4 Rab8 29. Kf1 Kf7 30. Nd3 Be7 31. Ndxe5+ fxe5 32. Nxe5+ Kf6 33. Nxc6
Rbc8 34. e5+ Kf7 35. Nxa5 Rxc3 36. Nb7 Ra8 37. Nd6+ Kf8 38. Rd4 Ra3 39. Nb5
R3xa4 40. Nc7 Bb3 41. Nxa8 Bxd1 42. Rxd1 Rxa8 43. Rd2 Kf7 44. g3 Ke6 45. Kg2
Kxe5 46. Re2+ Kf6 47. Rc2 Ra6 48. Re2 Bc5 49. Rc2 Bd4 50. Rd2 Ke5 51. Rd3 Ke4
52. Rd2 Rb6 53. Re2+ Kd3 54. Re7 Rb2 55. Rf7 Re2 56. Rf8 Re6 57. Ra8 Rb6 58.
Ra3+ Ke2 59. f4 Rb2 60. g4 Rd2 61. Ra6 g5 62. Re6+ Kd1+ 63. Kf3 Rd3+ 64. Kg2
Rd2+ 65. Kf3 Rd3+ 66. Kg2 gxf4 67. Rxh6 Rg3+ 68. Kh2 Ke2 69. Ra6 Rd3 70. g5 f3
71. Re6+ Re3 72. Ra6 f2 0-1

[Event "GBR-ch108 Senior 50+"]
[Site "Torquay"]
[Date "2022.08.08"]
[Round "1.5"]
[White "Frostick, Clive A"]
[Black "Homer, Stephen J"]
[Result "1/2-1/2"]
[WhiteElo "2137"]
[BlackElo "1932"]
[PlyCount "44"]
[EventDate "2022.08.08"]
[EventType "swiss"]
[EventRounds "7"]
[EventCountry "GBR"]

1. e4 c5 2. Nf3 d6 3. Bb5+ Bd7 4. Bxd7+ Qxd7 5. c4 Nf6 6. Nc3 g6 7. d4 cxd4 8.
Nxd4 Bg7 9. f3 O-O 10. Be3 e6 11. O-O Nc6 12. Rc1 Rfd8 13. Rf2 Qe7 14. Re2 Nxd4
15. Bxd4 Bh6 16. Be3 Bxe3+ 17. Rxe3 d5 18. exd5 Qc5 19. Qd2 exd5 20. Nxd5 Nxd5
21. cxd5 Rxd5 22. Qc3 Rc8 1/2-1/2

[Event "GBR-ch108 Senior 50+"]
[Site "Torquay"]
[Date "2022.08.08"]
[Round "1.6"]
[White "Barton, R Alan"]
[Black "Willmoth, Robert F"]
[Result "1/2-1/2"]
[WhiteElo "1926"]
[BlackElo "2117"]
[PlyCount "115"]
[EventDate "2022.08.08"]
[EventType "swiss"]
[EventRounds "7"]
[EventCountry "GBR"]

1. d4 Nf6 2. Nf3 d5 3. e3 g6 4. c4 Bg7 5. Nc3 O-O 6. Qb3 c6 7. cxd5 Nxd5 8.
Nxd5 cxd5 9. Bd2 Nc6 10. Rc1 Qd6 11. Rc5 e6 12. Bb5 Bxd4 13. Rxc6 bxc6 14. exd4
cxb5 15. O-O a5 16. Bh6 Re8 17. Rc1 Bd7 18. Ne5 f6 19. Ng4 Rf8 20. Qf3 e5 21.
Ne3 Rf7 22. Qg3 Qe6 23. f3 exd4 24. Ng4 Re8 25. Bd2 Rfe7 26. h4 f5 27. Nf2 b4
28. h5 Qf7 29. Nd3 Re2 30. Bh6 R2e6 31. Nf4 Rc6 32. Rd1 Kh8 33. hxg6 hxg6 34.
Qg5 Qf6 35. Qg3 Rec8 36. Bg5 Qg7 37. Nxd5 Re8 38. Qh4+ Kg8 39. Nf6+ Rxf6 40.
Bxf6 Qh7 41. Qxd4 Be6 42. b3 Qb7 43. Kf2 Rb8 44. Be5 Rc8 45. Rd2 Qc6 46. Qe3
Kf7 47. Qh6 Rg8 48. Qh7+ Ke8 49. Qa7 g5 50. Bf6 Bd7 51. Qe3+ Qe6 52. Qd4 Qc6
53. Re2+ Kf8 54. Be7+ Kf7 55. Bc5 Re8 56. Rxe8 Bxe8 57. Qe3 Qf6 58. Qd4 1/2-1/2

[Event "GBR-ch108 Senior 50+"]
[Site "Torquay"]
[Date "2022.08.08"]
[Round "1.7"]
[White "Crocker, Philip J"]
[Black "Stinton-Brownbridge, Michael H"]
[Result "1-0"]
[WhiteElo "2107"]
[BlackElo "1895"]
[PlyCount "87"]
[EventDate "2022.08.08"]
[EventType "swiss"]
[EventRounds "7"]
[EventCountry "GBR"]

1. d4 Nf6 2. c4 e6 3. g3 Bb4+ 4. Bd2 Qe7 5. Nf3 O-O 6. Bg2 Nc6 7. Nc3 Bxc3 8.
Bxc3 Ne4 9. Rc1 Nxc3 10. Rxc3 d6 11. O-O e5 12. d5 Nb8 13. b4 Nd7 14. e4 Nf6
15. Qc2 Bg4 16. Ne1 a5 17. a3 axb4 18. axb4 Ra1 19. f3 Bh5 20. c5 Ne8 21. g4
Qh4 22. Qf2 Qxf2+ 23. Kxf2 Bg6 24. Nd3 Ra2+ 25. Kg3 h5 26. Rf2 Rxf2 27. Nxf2
hxg4 28. fxg4 Bh7 29. Ra3 dxc5 30. bxc5 Nf6 31. Rb3 Rb8 32. Rb4 Nd7 33. Nd3 f6
34. Kf2 Kf8 35. Ke3 Ke7 36. h4 b6 37. c6 Nf8 38. Ra4 Kd6 39. h5 Bg8 40. Ra7 Nh7
41. Nb4 Ng5 42. Na2 Bh7 43. Nc3 b5 44. Rb7 1-0

[Event "GBR-ch108 Senior 50+"]
[Site "Torquay"]
[Date "2022.08.08"]
[Round "1.8"]
[White "Mueller, Jens"]
[Black "Mason, Donald J"]
[Result "0-1"]
[WhiteElo "1879"]
[BlackElo "2104"]
[PlyCount "54"]
[EventDate "2022.08.08"]
[EventType "swiss"]
[EventRounds "7"]
[EventCountry "GBR"]

1. d4 Nf6 2. Bf4 g6 3. Nc3 d5 4. e3 Bg7 5. h4 O-O 6. h5 c5 7. hxg6 fxg6 8. Qd2
Nc6 9. O-O-O cxd4 10. exd4 Bf5 11. f3 Nb4 12. g4 Bxc2 13. Re1 g5 14. Bxg5 Bg6
15. a3 Nc2 16. Re5 Rc8 17. Nge2 Na1 18. Kd1 Qb6 19. Bh3 Qb3+ 20. Ke1 Nc2+ 21.
Kf2 Ne4+ 22. Rxe4 dxe4 23. Nc1 Qxb2 24. Nd5 Rxf3+ 25. Kg2 Ne3+ 26. Bxe3 Rc2 27.
Nxe7+ Kf7 0-1

[Event "GBR-ch108 Senior 50+"]
[Site "Torquay"]
[Date "2022.08.08"]
[Round "1.9"]
[White "Knight, Simon C"]
[Black "Kennedy, Craig"]
[Result "1-0"]
[WhiteElo "2090"]
[BlackElo "1873"]
[PlyCount "111"]
[EventDate "2022.08.08"]
[EventType "swiss"]
[EventRounds "7"]
[EventCountry "GBR"]

1. d4 d5 2. c4 e6 3. Nf3 a6 4. g3 dxc4 5. a4 Nc6 6. Bg2 Nf6 7. O-O Be7 8. Na3
Na5 9. Bf4 O-O 10. Qc2 Nd5 11. Bd2 Nb3 12. Rab1 b5 13. axb5 Nxd2 14. Nxd2 axb5
15. Nxb5 Ba6 16. Nc3 Rb8 17. Nf3 c6 18. Rfd1 Qb6 19. Ne5 Rfd8 20. Be4 g6 21. h4
f5 22. Bf3 Bf6 23. Na4 Qb5 24. Ra1 Nb4 25. Qc1 Bxe5 26. Nc3 Qb6 27. dxe5 Rxd1+
28. Nxd1 Qd4 29. Qc3 c5 30. e3 Qd3 31. Ra5 Rb5 32. Ra3 Bb7 33. Qc1 Qd7 34. Bxb7
Rxb7 35. e4 Qd4 36. exf5 exf5 37. Ne3 Qxe5 38. Qxc4+ Kg7 39. Ra8 Rf7 40. Rc8
Qxb2 41. h5 Qd4 42. h6+ Kf6 43. Qb5 Nd3 44. Qe8 Ne5 45. Qh8+ Ke6 46. Re8+ Re7
47. Rxe7+ Kxe7 48. Qxh7+ Kd6 49. Qg7 Qe4 50. Qf8+ Ke6 51. Qg8+ Kd6 52. h7 Nf3+
53. Kf1 Nh2+ 54. Ke2 Qf3+ 55. Kd2 Qxf2+ 56. Kd3 1-0

[Event "GBR-ch108 Senior 50+"]
[Site "Torquay"]
[Date "2022.08.08"]
[Round "1.10"]
[White "Shepley, Julien M"]
[Black "Fraser-Mitchell, Jeremy N"]
[Result "1/2-1/2"]
[WhiteElo "1857"]
[BlackElo "2080"]
[PlyCount "91"]
[EventDate "2022.08.08"]
[EventType "swiss"]
[EventRounds "7"]
[EventCountry "GBR"]

1. e4 e6 2. d4 d5 3. e5 c5 4. c3 Nc6 5. Nf3 Nh6 6. Bxh6 gxh6 7. g3 cxd4 8. cxd4
Bg7 9. Bg2 O-O 10. O-O f6 11. Re1 Bd7 12. Nc3 a6 13. Qe2 fxe5 14. dxe5 Qe7 15.
Rad1 Rae8 16. Qd2 Kh8 17. Kh1 Rf5 18. g4 Rf7 19. Re3 Ref8 20. Rf1 Rf4 21. Ne2
Rxg4 22. Ned4 Nxd4 23. Nxd4 Qh4 24. Nf3 Qh5 25. Qd1 Rgf4 26. b3 Bc6 27. Nd4
Qxd1 28. Rxd1 Bd7 29. Bh3 Re8 30. Kg2 Kg8 31. Kg3 Rf7 32. f4 Bf8 33. f5 exf5
34. Kf4 Be7 35. Rg1+ Rg7 36. Rxg7+ Kxg7 37. Nxf5+ Bxf5 38. Kxf5 Bg5 39. Rd3 Rd8
40. Bg2 Rf8+ 41. Ke6 Re8+ 42. Kxd5 Rd8+ 43. Ke4 Rxd3 44. Kxd3 b6 45. Ke4 Kf7
46. Bf1 1/2-1/2

[Event "GBR-ch108 Senior 50+"]
[Site "Torquay"]
[Date "2022.08.08"]
[Round "1.12"]
[White "Ingham, H William"]
[Black "Goater, Kevin P"]
[Result "0-1"]
[WhiteElo "1842"]
[BlackElo "2065"]
[PlyCount "62"]
[EventDate "2022.08.08"]
[EventType "swiss"]
[EventRounds "7"]
[EventCountry "GBR"]

1. d4 c6 2. Nf3 d5 3. e3 e6 4. Bd3 Bd6 5. O-O f5 6. b3 Qe7 7. Nbd2 Nf6 8. c4
O-O 9. Bb2 b6 10. Ne5 Bb7 11. Rc1 a5 12. cxd5 cxd5 13. Bb5 Na6 14. Qe2 Nc7 15.
Bd3 a4 16. Nb1 Ne4 17. f3 Nf6 18. Nc3 axb3 19. axb3 Bxe5 20. dxe5 Nd7 21. Nb5
Nxb5 22. Bxb5 Nc5 23. Ba4 Nxa4 24. bxa4 Ba6 25. Qc2 Rfc8 26. Qb3 Bxf1 27. Rxc8+
Rxc8 28. Kxf1 Qc5 29. Bd4 Qc1+ 30. Kf2 Qd2+ 31. Kg3 Rc2 0-1

[Event "GBR-ch108 Senior 50+"]
[Site "Torquay"]
[Date "2022.08.08"]
[Round "1.14"]
[White "Patrick, David A"]
[Black "Dilleigh, Stephen P"]
[Result "1/2-1/2"]
[WhiteElo "1803"]
[BlackElo "2040"]
[PlyCount "37"]
[EventDate "2022.08.08"]
[EventType "swiss"]
[EventRounds "7"]
[EventCountry "GBR"]

1. e4 c6 2. d4 d5 3. exd5 cxd5 4. Nf3 Nf6 5. Bd3 Bg4 6. O-O Nc6 7. c3 e6 8. Re1
Bd6 9. Nbd2 Qc7 10. h3 Bh5 11. Nf1 Bg6 12. Ne3 Bxd3 13. Qxd3 O-O 14. Re2 Rac8
15. Bd2 Rfd8 16. Ng4 Nd7 17. Ng5 Nf8 18. Nf3 Ne7 19. h4 1/2-1/2

[Event "GBR-ch108 Senior 50+"]
[Site "Torquay"]
[Date "2022.08.08"]
[Round "1.15"]
[White "Fegan, Chris"]
[Black "Kenning, Paul H"]
[Result "1-0"]
[WhiteElo "2025"]
[BlackElo "1772"]
[PlyCount "83"]
[EventDate "2022.08.08"]
[EventType "swiss"]
[EventRounds "7"]
[EventCountry "GBR"]

1. d4 d5 2. Bf4 Nf6 3. Nc3 e6 4. Nf3 c6 5. e3 Bb4 6. Bd3 Nbd7 7. O-O Nf8 8. Ne5
Ng6 9. Bg5 Be7 10. f4 O-O 11. h4 Nd7 12. Qh5 Nf6 13. Qf3 Nd7 14. Nxd7 Bxd7 15.
h5 Nh4 16. Qg4 Nf5 17. Bxe7 Qxe7 18. Rae1 Qf6 19. Qh3 h6 20. Kh2 Rad8 21. g4
Nd6 22. Qg3 Qe7 23. Rg1 f5 24. g5 hxg5 25. fxg5 Ne4 26. Bxe4 fxe4 27. Ref1 Rxf1
28. Rxf1 Rf8 29. Rxf8+ Qxf8 30. Ne2 Qf7 31. g6 Qf8 32. Qf4 Qf5 33. Kg3 Kf8 34.
Qxf5+ exf5 35. Kf4 b6 36. Ke5 Ke7 37. Nf4 b5 38. b4 Bc8 39. Nh3 Bd7 40. Ng5 a6
41. h6 gxh6 42. g7 1-0

[Event "GBR-ch108 Senior 50+"]
[Site "Torquay"]
[Date "2022.08.08"]
[Round "1.16"]
[White "Miller, George I"]
[Black "Brown, Alan M"]
[Result "1/2-1/2"]
[WhiteElo "1768"]
[BlackElo "2013"]
[PlyCount "63"]
[EventDate "2022.08.08"]
[EventType "swiss"]
[EventRounds "7"]
[EventCountry "GBR"]

1. c4 e5 2. Nc3 Nf6 3. Nf3 Nc6 4. e4 Bc5 5. Nxe5 Nxe5 6. d4 Bb4 7. dxe5 Nxe4 8.
Qf3 d5 9. exd6 Nxc3 10. a3 Bxd6 11. Qxc3 O-O 12. Be3 Qe7 13. O-O-O Be5 14. Qc2
Be6 15. Bd3 f5 16. Bd2 Rad8 17. Rhe1 Qf6 18. Bb4 Rfe8 19. g4 fxg4 20. Bxh7+ Kh8
21. Bg6 Rxd1+ 22. Rxd1 Rd8 23. Rxd8+ Qxd8 24. Qe4 Qf6 25. b3 c6 26. Bc5 a6 27.
Kc2 Kg8 28. a4 Ba1 29. Kd1 Be5 30. Ke2 Ba1 31. Kf1 Be5 32. Ke2 1/2-1/2

[Event "GBR-ch108 Senior 50+"]
[Site "Torquay"]
[Date "2022.08.08"]
[Round "1.18"]
[White "Winter, Kevin"]
[Black "Kirby, Peter J"]
[Result "0-1"]
[WhiteElo "1689"]
[BlackElo "2000"]
[PlyCount "100"]
[EventDate "2022.08.08"]
[EventType "swiss"]
[EventRounds "7"]
[EventCountry "GBR"]

1. d4 d5 2. Bf4 Nf6 3. Nc3 c5 4. e3 cxd4 5. exd4 a6 6. Nf3 Nc6 7. Be2 Bf5 8. a3
e6 9. O-O Be7 10. Qd2 Ne4 11. Qd1 O-O 12. Nb1 b5 13. c3 Qb6 14. Nbd2 Rfc8 15.
Ne5 Nxe5 16. Bxe5 Nd6 17. Bxd6 Bxd6 18. Bg4 Bxg4 19. Qxg4 a5 20. Qf3 Qb8 21. g3
Ra7 22. Rfc1 Rac7 23. Qd3 b4 24. axb4 axb4 25. c4 dxc4 26. Rxc4 Rxc4 27. Nxc4
Bf8 28. b3 Qb7 29. Rd1 Rd8 30. Qe3 Bc5 31. Qg5 Be7 32. Qa5 Ra8 33. Qh5 g6 34.
Qe2 Rd8 35. f4 Qd5 36. Ne5 Bc5 37. Nf3 Qxb3 38. Rd2 Bb6 39. Rc2 Qd5 40. Rd2 Ra8
41. Kf2 b3 42. Qd3 Ra2 43. Ke3 b2 44. Qc2 Qb5 45. Qb1 Ra3+ 46. Kf2 Rb3 47. Ne5
Qd5 48. Ke2 Bxd4 49. Nd3 Qe4+ 50. Kf1 Qh1+ 0-1

[Event "GBR-ch108 Senior 50+"]
[Site "Torquay"]
[Date "2022.08.08"]
[Round "1.19"]
[White "Baer, Bruce L"]
[Black "Kalerwa, Edwin M"]
[Result "1-0"]
[WhiteElo "1997"]
[BlackElo "1653"]
[PlyCount "93"]
[EventDate "2022.08.08"]
[EventType "swiss"]
[EventRounds "7"]
[EventCountry "GBR"]

1. Nf3 c5 2. g3 Nc6 3. Bg2 e6 4. d3 d5 5. O-O Bd6 6. e4 Nge7 7. Re1 O-O 8. e5
Bc7 9. c3 b5 10. h4 Rb8 11. h5 f6 12. exf6 gxf6 13. d4 Bb6 14. Na3 a6 15. dxc5
Bxc5 16. Nd4 Nxd4 17. cxd4 Bd6 18. Nc2 Kh8 19. g4 Rg8 20. Qf3 Nc6 21. Bh6 e5
22. Qxd5 Bb7 23. Qf7 Qe7 24. Qxe7 Bxe7 25. d5 Nd8 26. Kf1 Rxg4 27. Ne3 Rg8 28.
Nf5 Bc5 29. Rac1 Bb4 30. Red1 Bc8 31. Be4 Nf7 32. Rc7 Rb7 33. Rdc1 Nxh6 34.
Nxh6 Bh3+ 35. Ke2 Rxc7 36. Rxc7 f5 37. Nxg8 Kxg8 38. Bc2 e4 39. h6 Bg4+ 40. Ke3
Bf3 41. Rg7+ Kf8 42. Rxh7 Bc5+ 43. Kf4 Bxf2 44. d6 Ke8 45. Re7+ Kd8 46. h7 Bd4
47. Re5 1-0

[Event "GBR-ch108 Senior 50+"]
[Site "Torquay"]
[Date "2022.08.08"]
[Round "1.20"]
[White "McCarron, Peter DJ"]
[Black "Bass, John W"]
[Result "0-1"]
[WhiteElo "1616"]
[BlackElo "1996"]
[PlyCount "64"]
[EventDate "2022.08.08"]
[EventType "swiss"]
[EventRounds "7"]
[EventCountry "GBR"]

1. d4 e6 2. Nf3 f5 3. c4 Nf6 4. g3 Be7 5. Bg2 O-O 6. O-O d6 7. Bg5 Ne4 8. Bxe7
Qxe7 9. Qc2 e5 10. e3 a5 11. Nc3 Nxc3 12. Qxc3 Nc6 13. a3 a4 14. Rad1 Bd7 15.
dxe5 dxe5 16. Rd2 e4 17. Nd4 Ne5 18. Rfd1 Rfe8 19. c5 Nd3 20. Rxd3 exd3 21.
Bxb7 Rab8 22. Bd5+ Kh8 23. c6 Bc8 24. Bc4 f4 25. Rxd3 Bh3 26. Bd5 Qe5 27. Bg2
Bxg2 28. Kxg2 fxe3 29. Rxe3 Qd5+ 30. Kg1 Rxe3 31. Qxe3 Rd8 32. Ne6 Re8 0-1

[Event "GBR-ch108 Senior 50+"]
[Site "Torquay"]
[Date "2022.08.08"]
[Round "1.21"]
[White "Brusey, Alan W"]
[Black "Cresswell, Mike J"]
[Result "1-0"]
[WhiteElo "1994"]
[BlackElo "1606"]
[PlyCount "88"]
[EventDate "2022.08.08"]
[EventType "swiss"]
[EventRounds "7"]
[EventCountry "GBR"]

1. e4 Nf6 2. e5 Nd5 3. c4 Nb6 4. d4 d6 5. f4 dxe5 6. fxe5 Bf5 7. Nf3 e6 8. Nc3
Be7 9. Be3 Bg6 10. d5 exd5 11. cxd5 N8d7 12. Be2 O-O 13. O-O Bc5 14. Bxc5 Nxc5
15. Qd4 Ncd7 16. a4 c6 17. a5 Nxd5 18. Nxd5 cxd5 19. Qxd5 Qe7 20. Rac1 Rfc8 21.
Qxb7 Rcb8 22. Qd5 Nf6 23. Qd4 Rd8 24. Qh4 Kf8 25. Rfe1 Nd5 26. Qxe7+ Kxe7 27.
Nd4 Nb4 28. Rc4 Rxd4 29. Rxd4 Nc2 30. Red1 Nxd4 31. Rxd4 Rc8 32. Rc4 Bf5 33.
Kf2 Be6 34. Rxc8 Bxc8 35. Ke3 g5 36. Kd4 Bb7 37. g3 Ke6 38. Bc4+ Ke7 39. b4 h5
40. b5 h4 41. a6 Bc8 42. b6 Bxa6 43. bxa7 Bb7 44. Ba6 Bc8 1-0

[Event "GBR-ch108 Senior 50+"]
[Site "Torquay"]
[Date "2022.08.09"]
[Round "2.1"]
[White "Fegan, Chris"]
[Black "Motwani, Paul"]
[Result "0-1"]
[WhiteElo "2025"]
[BlackElo "2420"]
[PlyCount "42"]
[EventDate "2022.08.08"]
[EventType "swiss"]
[EventRounds "7"]
[EventCountry "GBR"]

1. e4 c5 2. Nc3 Nc6 3. Bb5 Nd4 4. Nf3 e6 5. O-O a6 6. Bd3 Nxf3+ 7. Qxf3 Qc7 8.
Re1 Bd6 9. g3 Be5 10. b3 Nf6 11. Bb2 O-O 12. Na4 Bxb2 13. Nxb2 b5 14. e5 Bb7
15. Qe2 Nd5 16. Bxh7+ Kxh7 17. Qh5+ Kg8 18. Re4 Nf6 19. exf6 Bxe4 20. h4 Bg6
21. Qg4 Qe5 0-1

[Event "GBR-ch108 Senior 50+"]
[Site "Torquay"]
[Date "2022.08.09"]
[Round "2.2"]
[White "Kirby, Peter J"]
[Black "Duncan, Chris R"]
[Result "1/2-1/2"]
[WhiteElo "2000"]
[BlackElo "2178"]
[PlyCount "43"]
[EventDate "2022.08.08"]
[EventType "swiss"]
[EventRounds "7"]
[EventCountry "GBR"]

1. d4 d5 2. Nf3 Nf6 3. c4 c6 4. Qb3 dxc4 5. Qxc4 Bf5 6. g3 e6 7. Bg2 Nbd7 8.
O-O Be7 9. e3 O-O 10. Rd1 h6 11. Qe2 Rc8 12. Nc3 Bh7 13. e4 Re8 14. Bf4 a6 15.
Rac1 b5 16. Ne5 Nxe5 17. Bxe5 Qa5 18. Bxf6 Bxf6 19. e5 Be7 20. Ne4 Red8 21. a3
Bxe4 22. Bxe4 1/2-1/2

[Event "GBR-ch108 Senior 50+"]
[Site "Torquay"]
[Date "2022.08.09"]
[Round "2.4"]
[White "Bass, John W"]
[Black "Crocker, Philip J"]
[Result "0-1"]
[WhiteElo "1996"]
[BlackElo "2107"]
[PlyCount "60"]
[EventDate "2022.08.08"]
[EventType "swiss"]
[EventRounds "7"]
[EventCountry "GBR"]

1. d4 d5 2. c4 c6 3. Nc3 Nf6 4. e3 e6 5. Nf3 Nbd7 6. Bd3 dxc4 7. Bxc4 b5 8. Bd3
Bd6 9. O-O O-O 10. e4 e5 11. h3 Re8 12. Re1 b4 13. dxe5 Nxe5 14. Nxe5 Bxe5 15.
Na4 Qa5 16. Be3 c5 17. Rc1 Bd7 18. Nxc5 Bxb2 19. Rb1 Bc3 20. Nxd7 Nxd7 21. Bd2
Ne5 22. Bxc3 bxc3 23. Qc2 Nxd3 24. Qxd3 Rad8 25. Qe3 c2 26. Rbc1 Qxa2 27. Ra1
Qxa1 28. Rxa1 Rd1+ 29. Qe1 Rxe1+ 30. Rxe1 Rd8 0-1

[Event "GBR-ch108 Senior 50+"]
[Site "Torquay"]
[Date "2022.08.09"]
[Round "2.5"]
[White "Mason, Donald J"]
[Black "Baer, Bruce L"]
[Result "1/2-1/2"]
[WhiteElo "2104"]
[BlackElo "1997"]
[PlyCount "42"]
[EventDate "2022.08.08"]
[EventType "swiss"]
[EventRounds "7"]
[EventCountry "GBR"]

1. e4 g6 2. d4 Bg7 3. Nc3 d6 4. Be3 c6 5. f4 d5 6. e5 h5 7. h3 Nh6 8. Nf3 Bf5
9. Be2 e6 10. Bf2 Nd7 11. O-O b5 12. Ng5 f6 13. Nf3 O-O 14. Bh4 b4 15. Na4 Qa5
16. exf6 Bxf6 17. Bxf6 Rxf6 18. Ne5 Qxa4 19. Nxd7 Rf7 20. Ne5 Rg7 21. b3 Qa5
1/2-1/2

[Event "GBR-ch108 Senior 50+"]
[Site "Torquay"]
[Date "2022.08.09"]
[Round "2.6"]
[White "Moyse, Nigel J"]
[Black "Knight, Simon C"]
[Result "0-1"]
[WhiteElo "1976"]
[BlackElo "2090"]
[PlyCount "108"]
[EventDate "2022.08.08"]
[EventType "swiss"]
[EventRounds "7"]
[EventCountry "GBR"]

1. d4 d5 2. Bf4 Nf6 3. e3 c6 4. Bd3 Nbd7 5. h3 g6 6. Nf3 Bg7 7. O-O O-O 8. Nbd2
c5 9. c3 b6 10. Bh2 Bb7 11. Rc1 Ne4 12. Ne5 Nxe5 13. Bxe5 Bxe5 14. dxe5 Qc7 15.
f4 Nxd2 16. Qxd2 e6 17. Qe1 Qe7 18. Qg3 f5 19. h4 Kh8 20. Kf2 Rad8 21. Rh1 Rg8
22. Qg5 Qf7 23. Rh3 a6 24. Be2 d4 25. cxd4 cxd4 26. exd4 Rxd4 27. Rhc3 Rgd8 28.
Rc7 R8d7 29. Rxd7 Qxd7 30. h5 Qg7 31. hxg6 Qxg6 32. Qxg6 hxg6 33. g3 Bd5 34.
Ke3 Re4+ 35. Kd2 Bxa2 36. Bxa6 Rb4 37. Rc2 Bd5 38. Bd3 Kg7 39. Rc7+ Kh6 40. Kc2
g5 41. g4 Rxf4 42. gxf5 exf5 43. e6 Be4 44. e7 Bxd3+ 45. Kxd3 Re4 46. Rc6+ Kh5
47. Rf6 Kg4 48. Rf7 Kf4 49. b4 b5 50. Rg7 g4 51. Rh7 Kf3 52. Rf7 f4 53. Rh7 g3
54. Rg7 g2 0-1

[Event "GBR-ch108 Senior 50+"]
[Site "Torquay"]
[Date "2022.08.09"]
[Round "2.7"]
[White "Goater, Kevin P"]
[Black "Brusey, Alan W"]
[Result "1/2-1/2"]
[WhiteElo "2065"]
[BlackElo "1994"]
[PlyCount "81"]
[EventDate "2022.08.08"]
[EventType "swiss"]
[EventRounds "7"]
[EventCountry "GBR"]

1. d4 d5 2. Bf4 Nf6 3. e3 c5 4. c3 e6 5. Nd2 Nc6 6. Ngf3 Bd6 7. Bg3 Bxg3 8.
hxg3 Qd6 9. Bb5 O-O 10. Bxc6 bxc6 11. Qa4 cxd4 12. cxd4 c5 13. Qa3 Nd7 14. Rc1
Qa6 15. Qxa6 Bxa6 16. dxc5 Rab8 17. b3 Rfc8 18. c6 Rb6 19. Rh4 Rbxc6 20. Rxc6
Rxc6 21. Kd1 Nc5 22. Ne1 e5 23. f3 h6 24. Rb4 Rb6 25. Rxb6 axb6 26. Nb1 Kf8 27.
Nc3 Bb7 28. Kd2 Ke7 29. b4 Ne6 30. Nd3 f6 31. Na4 b5 32. Nac5 Bc6 33. Nxe6 Kxe6
34. Nc5+ Kd6 35. g4 e4 36. Ke2 g6 37. Nb3 exf3+ 38. gxf3 Bd7 39. Nd4 Ke5 40.
Kf2 Be8 41. Kg3 1/2-1/2

[Event "GBR-ch108 Senior 50+"]
[Site "Torquay"]
[Date "2022.08.09"]
[Round "2.8"]
[White "Dargan, Paul AG"]
[Black "Bolt, Graham"]
[Result "1-0"]
[WhiteElo "2056"]
[BlackElo "1951"]
[PlyCount "79"]
[EventDate "2022.08.08"]
[EventType "swiss"]
[EventRounds "7"]
[EventCountry "GBR"]

1. e4 g6 2. d4 Bg7 3. Nc3 d6 4. f4 Nf6 5. Nf3 c5 6. dxc5 Qa5 7. Bd3 Qxc5 8. Qe2
a6 9. Be3 Qc7 10. O-O O-O 11. e5 Nfd7 12. Nd5 Qd8 13. exd6 exd6 14. Bd4 Nc6 15.
Bxg7 Kxg7 16. Qf2 Ne7 17. Qd4+ f6 18. Nxe7 Qxe7 19. Rfe1 Qd8 20. Qxd6 Qb6+ 21.
Qxb6 Nxb6 22. Nd4 Nd5 23. g3 Bd7 24. Be4 Nb6 25. Bxb7 Ra7 26. Bf3 Kf7 27. Rad1
Rc7 28. c3 Rb8 29. Rd2 a5 30. Rde2 Nc8 31. Bd5+ Kg7 32. c4 Bg4 33. Rd2 Kh6 34.
b3 Rb6 35. Kf2 Rd7 36. h3 Rxd5 37. cxd5 Bd7 38. Ne6 Rd6 39. Nc5 Bc6 40. Ne4 1-0